[Event "ARG-ch sf 98th"]
[Site "Buenos Aires"]
[Date "2023.05.05"]
[Round "7"]
[White "Schnaider, Ilan"]
[Black "Postolski, Javier"]
[Result "1/2-1/2"]
[WhiteElo "2196"]
[BlackElo "1990"]
[PlyCount "136"]
[EventDate "2023.04.29"]
[EventType "swiss"]
[EventRounds "9"]
[EventCountry "ARG"]
[SourceTitle "CBM 214 Extra"]
[Source "ChessBase"]
[SourceDate "2023.07.31"]
[SourceVersion "1"]
[SourceVersionDate "2023.07.31"]
[SourceQuality "1"]

1. e4 e6 2. d4 d5 3. Nd2 Nf6 4. e5 Nfd7 5. Bd3 c5 6. c3 b6 7. Ne2 Ba6 8. Bxa6 Nxa6 9. 0-0 Nc7 10. f4 g6 11. Nf3 Nb8 12. Be3 Nc6 13. Rc1 Qd7 14. Bf2 Na5 15. g4 h5 16. h3 hxg4 17. hxg4 Be7 18. dxc5 bxc5 19. Ng3 0-0-0 20. b4 Nc4 21. bxc5 f6 22. Kg2 fxe5 23. fxe5 Rdf8 24. Rh1 Rxh1 25. Qxh1 Rxf3 26. Kxf3 Nxe5+ 27. Kg2 Nxg4 28. Qh8+ Ne8 29. Bd4 e5 30. Bxe5 Bxc5 31. Rb1 Bb6 32. Bd4 Bc7 33. Qf8 Qe6 34. Qf3 Nef6 35. Bxf6 Nxf6 36. Qe2 Qd6 37. Qf3 Qxg3+ 38. Qxg3 Bxg3 39. Kxg3 Ne4+ 40. Kf4 Nxc3 41. Rc1 d4 42. Ke5 Kb7 43. Rc2 Nb5 44. Ke4 Kb6 45. Kd3 Ka5 46. Rg2 Kb4 47. Rxg6 a5 48. Rg2 a4 49. Rb2+ Kc5 50. Rb1 Nc3 51. Rb2 Nb5 52. Rh2 Kb4 53. Rh5 Nc3 54. a3+ Kxa3 55. Kxd4 Nb1 56. Kd3 Kb4 57. Rh7 Na3 58. Rb7+ Nb5 59. Kc2 Ka5 60. Kb2 Kb4 61. Rb8 Ka5 62. Ra8+ Kb4 63. Ka2 Nc3+ 64. Ka1 Nb5 65. Rh8 Kb3 66. Rh3+ Nc3 67. Rg3 a3 68. Rh3 Kc2 1/2-1/2

[Event "ARG-ch sf 98th"]
[Site "Buenos Aires"]
[Date "2023.04.30"]
[Round "2"]
[White "Postolski, Javier"]
[Black "Paris, Adolfo"]
[Result "1/2-1/2"]
[WhiteElo "1990"]
[BlackElo "1815"]
[PlyCount "76"]
[EventDate "2023.04.29"]
[EventType "swiss"]
[EventRounds "9"]
[EventCountry "ARG"]
[SourceTitle "CBM 214 Extra"]
[Source "ChessBase"]
[SourceDate "2023.07.31"]
[SourceVersion "1"]
[SourceVersionDate "2023.07.31"]
[SourceQuality "1"]

1. d4 e6 2. e4 d5 3. Nc3 Bb4 4. e5 c5 5. a3 Bxc3+ 6. bxc3 Qc7 7. Bd2 Ne7 8. Bd3 b6 9. Qg4 Nbc6 10. Qxg7 Rg8 11. Qf6 cxd4 12. Bxh7 dxc3 13. Bxc3 Rf8 14. Nf3 Ba6 15. Bd3 Bxd3 16. cxd3 d4 17. Bd2 Rg8 18. Rc1 Qb7 19. Qf4 Rxg2 20. Ng5 Rxg5 21. Qxg5 Nxe5 22. Qxe5 Qxh1+ 23. Ke2 Qd5 24. Qxd5 Nxd5 25. h4 Kd7 26. h5 Rh8 27. h6 e5 28. Kf3 f5 29. Rg1 Rh7 30. Rg6 Re7 31. Bg5 e4+ 32. Ke2 Re8 33. Rg7+ Ke6 34. Rxa7 e3 35. fxe3 dxe3 36. Rg7 f4 37. h7 Rh8 38. Kf3 Ke5 1/2-1/2

[Event "Buenos Aires Szmetan Giardelli op"]
[Site "Buenos Aires"]
[Date "2018.12.09"]
[Round "6"]
[White "Schnaider, Ilan"]
[Black "Postolski, Javier"]
[Result "1-0"]
[WhiteElo "1665"]
[BlackElo "2018"]
[PlyCount "27"]
[EventDate "2018.12.04"]
[EventType "swiss"]
[EventRounds "9"]
[EventCountry "ARG"]
[SourceTitle "CBM 187 Extra"]
[Source "ChessBase"]
[SourceDate "2018.11.04"]
[SourceVersion "1"]
[SourceVersionDate "2018.11.04"]
[SourceQuality "1"]

1. e4 e6 2. d4 d5 3. Bd3 Nf6 4. exd5 exd5 5. Bg5 c5 6. c3 Nc6 7. Nf3 Bg4 8. Be2 Bd6 9. 0-0 Ne7 10. Nbd2 h6 11. Bh4 Nf5 12. Bxf6 Qxf6 13. dxc5 Bxc5 14. Qa4+ 1-0

[Event "Buenos Aires Szmetan Giardelli op"]
[Site "Buenos Aires"]
[Date "2018.12.08"]
[Round "5"]
[White "Postolski, Javier"]
[Black "Kapitanchuk, Tomas"]
[Result "0-1"]
[WhiteElo "2018"]
[BlackElo "2245"]
[PlyCount "86"]
[EventDate "2018.12.04"]
[EventType "swiss"]
[EventRounds "9"]
[EventCountry "ARG"]
[SourceTitle "CBM 187 Extra"]
[Source "ChessBase"]
[SourceDate "2018.11.04"]
[SourceVersion "1"]
[SourceVersionDate "2018.11.04"]
[SourceQuality "1"]

1. d4 Nf6 2. c4 c5 3. d5 e6 4. Nc3 exd5 5. cxd5 d6 6. Nf3 g6 7. Nd2 a6 8. a4 Nbd7 9. e4 Bg7 10. Be2 0-0 11. 0-0 Re8 12. Re1 Rb8 13. a5 b5 14. axb6 Nxb6 15. h3 Qc7 16. Bf1 Nfd7 17. Ra3 c4 18. Nf3 Nc5 19. Be3 Nd3 20. Bxd3 cxd3 21. Bxb6 Qxb6 22. Na4 Qb4 23. Rxd3 Bd7 24. Nc3 Qxb2 25. e5 dxe5 26. d6 f5 27. Nd5 e4 28. Rd2 Qb3 29. Ne7+ Kh8 30. Ng5 Bf6 31. h4 Qxd1 32. Rexd1 Ba4 33. d7 Bxd1 34. Nc6 Ba4 35. Nxb8 Rxb8 36. d8Q+ Bxd8 37. Nf7+ Kg7 38. Nxd8 Rb6 39. Rd4 Bb5 40. g4 Kf6 41. g5+ Ke7 42. f3 exf3 43. Kf2 Rb8 0-1

[Event "Buenos Aires Szmetan Giardelli op"]
[Site "Buenos Aires"]
[Date "2018.12.06"]
[Round "3"]
[White "Postolski, Javier"]
[Black "Baudel, Simon"]
[Result "1-0"]
[WhiteElo "2018"]
[BlackElo "1857"]
[PlyCount "95"]
[EventDate "2018.12.04"]
[EventType "swiss"]
[EventRounds "9"]
[EventCountry "ARG"]
[SourceTitle "CBM 187 Extra"]
[Source "ChessBase"]
[SourceDate "2018.11.04"]
[SourceVersion "1"]
[SourceVersionDate "2018.11.04"]
[SourceQuality "1"]

1. d3 d5 2. Nf3 g6 3. c4 d4 4. g3 Bg7 5. Bg2 Nf6 6. 0-0 0-0 7. b4 Re8 8. Bg5 a5 9. Qa4 Bd7 10. b5 c6 11. Na3 c5 12. Nd2 Rf8 13. Rfe1 Ra7 14. Rab1 b6 15. Qd1 Bh3 16. Bxf6 exf6 17. Bd5 Be6 18. Bh1 Re7 19. Ne4 Qc7 20. Qd2 h6 21. Qf4 Qxf4 22. gxf4 Bf5 23. Nd6 Rd8 24. Nxf5 gxf5 25. Rbd1 Nd7 26. Nc2 Nf8 27. Bd5 Ng6 28. e3 Bf8 29. Kg2 Kh7 30. Kf3 h5 31. exd4 Rxe1 32. Rxe1 Bd6 33. dxc5 Bxc5 34. d4 Bd6 35. Bxf7 Nxf4 36. Re8 Rxe8 37. Bxe8 Nd3 38. Bxh5 Nb2 39. Bf7 Na4 40. h3 Nc3 41. Ne3 Bf8 42. Nxf5 Na4 43. h4 Bb4 44. Ke3 Nc3 45. Kd3 Nxa2 46. c5 bxc5 47. Bxa2 cxd4 48. b6 1-0

[Event "Buenos Aires Szmetan Giardelli op"]
[Site "Buenos Aires"]
[Date "2018.12.05"]
[Round "2"]
[White "Fiorito, Fabian"]
[Black "Postolski, Javier"]
[Result "1-0"]
[WhiteElo "2370"]
[BlackElo "2018"]
[PlyCount "43"]
[EventDate "2018.12.04"]
[EventType "swiss"]
[EventRounds "9"]
[EventCountry "ARG"]
[SourceTitle "CBM 187 Extra"]
[Source "ChessBase"]
[SourceDate "2018.11.04"]
[SourceVersion "1"]
[SourceVersionDate "2018.11.04"]
[SourceQuality "1"]

1. e4 e6 2. d4 d5 3. Nd2 Nf6 4. e5 Nfd7 5. c3 c5 6. Bd3 Nc6 7. Ngf3 f6 8. exf6 Qxf6 9. 0-0 cxd4 10. cxd4 Bd6 11. Re1 0-0 12. Bxh7+ Kxh7 13. Rxe6 Bxh2+ 14. Kxh2 Qf5 15. Re3 Nf6 16. Kg1 Ng4 17. Rc3 Nxd4 18. Nf1 Ne6 19. Ng3 Qf6 20. Qxd5 g6 21. Bg5 Rd8 22. Qxd8 1-0

[Event "Villa Martelli zt 2.5"]
[Site "Villa Martelli"]
[Date "2017.05.04"]
[Round "5"]
[White "Postolski, Javier"]
[Black "Gimenez, Ismael"]
[Result "0-1"]
[WhiteElo "1994"]
[BlackElo "2137"]
[PlyCount "72"]
[EventDate "2017.04.30"]
[EventType "swiss"]
[EventRounds "9"]
[EventCountry "ARG"]
[SourceTitle "CBM 178 Extra"]
[Source "ChessBase"]
[SourceDate "2017.06.22"]
[SourceVersion "1"]
[SourceVersionDate "2017.06.22"]
[SourceQuality "1"]

1. d4 Nf6 2. c4 e6 3. Nc3 d5 4. Nf3 Nbd7 5. Qc2 c6 6. Bg5 Bb4 7. cxd5 exd5 8. a3 Bd6 9. e3 Be7 10. Bd3 h6 11. Bf4 Nh5 12. Be5 Nhf6 13. Bf4 Nh5 14. Nxd5 Qa5+ 15. b4 Qxd5 16. Bc4 Nxf4 17. Bxd5 Nxd5 18. e4 Nf4 19. g3 Ng6 20. h4 Nf6 21. h5 Nf8 22. Ne5 N6d7 23. f4 Nxe5 24. dxe5 Bg4 25. Kf2 Ne6 26. f5 Nc7 27. Qc1 Bg5 28. Qc5 0-0-0 29. Ra2 Rd3 30. Re1 Rhd8 31. a4 Bd2 32. Re2 Bxe2 33. Kxe2 Na6 34. Qxa7 Bxb4 35. Qa8+ Kc7 36. Qa7 Bc5 0-1

[Event "Villa Martelli zt 2.5"]
[Site "Villa Martelli"]
[Date "2017.05.01"]
[Round "2"]
[White "Anelli, Antonio"]
[Black "Postolski, Javier"]
[Result "1/2-1/2"]
[WhiteElo "2120"]
[BlackElo "1994"]
[PlyCount "80"]
[EventDate "2017.04.30"]
[EventType "swiss"]
[EventRounds "9"]
[EventCountry "ARG"]
[SourceTitle "CBM 178 Extra"]
[Source "ChessBase"]
[SourceDate "2017.06.22"]
[SourceVersion "1"]
[SourceVersionDate "2017.06.22"]
[SourceQuality "1"]

1. c4 c5 2. Nf3 Nf6 3. Nc3 Nc6 4. g3 e6 5. Bg2 d5 6. cxd5 Nxd5 7. 0-0 Be7 8. d4 Nxc3 9. bxc3 0-0 10. Rb1 Qa5 11. Qb3 Qa6 12. e3 c4 13. Qc2 Bd7 14. e4 f6 15. Be3 Nd8 16. Qe2 Rc8 17. Rfd1 Qa5 18. Bd2 Ba4 19. Re1 Bc2 20. Ra1 Bd3 21. Qe3 Ba3 22. Bc1 Qxc3 23. Bxa3 Qxa3 24. Rec1 Nc6 25. Rxc4 Qb2 26. Rcc1 Nb4 27. Ne1 Rxc1 28. Rxc1 Bb5 29. a3 Nc6 30. Rd1 Re8 31. Bf1 Bxf1 32. Kxf1 Qb5+ 33. Kg2 Qa4 34. Rd2 Na5 35. Qd3 Nc4 36. Rc2 b5 37. Rc3 Nb2 38. Qc2 Qxc2 39. Rxc2 Nc4 40. Rc3 Rd8 1/2-1/2

[Event "Buenos Aires La Porta Cup"]
[Site "Buenos Aires"]
[Date "2014.12.20"]
[Round "8"]
[White "Di Giannantonio, Nino"]
[Black "Postolski, Javier"]
[Result "1-0"]
[WhiteElo "2198"]
[BlackElo "1992"]
[PlyCount "65"]
[EventDate "2014.12.13"]
[EventType "swiss"]
[EventRounds "9"]
[EventCountry "ARG"]
[SourceTitle "EXT 2016"]
[Source "ChessBase"]
[SourceDate "2015.10.08"]
[SourceVersion "1"]
[SourceVersionDate "2015.10.08"]
[SourceQuality "1"]

1. e4 e6 2. d4 d5 3. Nd2 Be7 4. Ngf3 c5 5. c3 Nf6 6. e5 Nfd7 7. Bd3 b6 8. 0-0 Ba6 9. Ne1 Bxd3 10. Nxd3 Nc6 11. Qg4 g6 12. Nf3 c4 13. Nde1 h5 14. Qg3 h4 15. Qg4 Rh5 16. Qf4 Rf5 17. Qh6 Rh5 18. Qf4 Rf5 19. Qe3 b5 20. g4 hxg3 21. fxg3 Ncxe5 22. dxe5 Bc5 23. Nd4 Rxe5 24. Qh6 Qb6 25. Qh8+ Bf8 26. Qg8 0-0-0 27. Qxf7 Bc5 28. Qxg6 Bxd4+ 29. cxd4 Qxd4+ 30. Kh1 Rh8 31. Nf3 Re2 32. Qe8+ Kc7 33. Bf4+ 1-0

[Event "Villa Gesell Playas U2200 op"]
[Site "Villa Gesell"]
[Date "2014.08.17"]
[Round "5.3"]
[White "Postolski, Javier"]
[Black "Gomez Camacho, Micaela"]
[Result "0-1"]
[WhiteElo "2054"]
[BlackElo "2013"]
[PlyCount "105"]
[EventDate "2014.08.16"]
[EventType "swiss"]
[EventRounds "7"]
[EventCountry "ARG"]
[SourceTitle "EXT 2024"]
[Source "ChessBase"]
[SourceDate "2023.10.10"]
[SourceVersion "1"]
[SourceVersionDate "2023.10.10"]
[SourceQuality "1"]

1. e4 c5 2. c3 d5 3. exd5 Qxd5 4. d4 e6 5. Nf3 Nf6 6. Be2 cxd4 7. cxd4 Bb4+ 8. Nc3 Nc6 9. 0-0 Qd8 10. Bg5 0-0 11. Qb3 Be7 12. Rfd1 Nd5 13. Bxe7 Ncxe7 14. Ne5 b6 15. Nxd5 Nxd5 16. Bf3 Bb7 17. a4 f6 18. Nc4 Qd7 19. a5 b5 20. Nd2 f5 21. a6 Bc6 22. Rac1 Rab8 23. Rc5 Rb6 24. Ra1 Rc8 25. Qc2 Nb4 26. Qc3 Nxa6 27. d5 Nxc5 28. dxc6 Rcxc6 29. Bxc6 Rxc6 30. Rc1 Rd6 31. Nf1 Nd3 32. Rd1 b4 33. Qb3 a5 34. Ne3 Nc5 35. Rxd6 Qxd6 36. Qc4 f4 37. Nf1 Kf8 38. h3 e5 39. Qb5 Ne4 40. Qxa5 Qd4 41. Kh2 Nxf2 42. Qa8+ Ke7 43. Qb7+ Kf6 44. Qc6+ Kg5 45. Qc7 e4 46. Qa5+ Kh6 47. h4 Ng4+ 48. Kh3 Ne5 49. Qa6+ g6 50. Qa8 Qd3+ 51. Kh2 Qxf1 52. Qf8+ Kh5 53. Qc5 0-1

[Event "American Continental 08th"]
[Site "Mar del Plata"]
[Date "2012.10.17"]
[Round "7"]
[White "Postolski, Javier"]
[Black "Arcos Facio, Mateo"]
[Result "1-0"]
[WhiteElo "2006"]
[BlackElo "2174"]
[PlyCount "117"]
[EventDate "2012.10.12"]
[EventType "swiss"]
[EventRounds "11"]
[EventCountry "ARG"]
[SourceTitle "EXT 2013"]
[Source "ChessBase"]
[SourceDate "2012.11.22"]
[SourceVersion "1"]
[SourceVersionDate "2012.11.22"]
[SourceQuality "1"]

1. e4 e5 2. Nf3 Nc6 3. Bb5 a6 4. Ba4 Nf6 5. Qe2 Be7 6. h3 b5 7. Bb3 0-0 8. a4 b4 9. d3 d6 10. Nbd2 Na5 11. Nc4 Nxb3 12. cxb3 a5 13. Be3 Nd7 14. g4 c6 15. Rc1 f6 16. Ncd2 d5 17. Nf1 Ba6 18. Ng3 dxe4 19. Nxe4 f5 20. gxf5 Rxf5 21. Ng3 Rf8 22. Rg1 Qe8 23. Nd2 Rd8 24. Rxc6 Nb8 25. Rxa6 Nxa6 26. Qg4 Qg6 27. Nf5 Rxf5 28. Qc4+ Qf7 29. Qxa6 Bh4 30. Ne4 Kh8 31. Qc4 Qxc4 32. dxc4 Rd3 33. Ke2 Rxb3 34. Rb1 h5 35. c5 Rf7 36. Nd2 Rxe3+ 37. fxe3 Rc7 38. Ne4 Kh7 39. Rg1 Be7 40. Rc1 Kg6 41. Kd3 Kf5 42. Rf1+ Ke6 43. Kc4 Rc8 44. Rg1 g6 45. Rxg6+ Kf5 46. Nd6+ Bxd6 47. Rxd6 Ke4 48. Re6 b3 49. c6 Kxe3 50. Rxe5+ Kf4 51. Rxa5 Rxc6+ 52. Kxb3 h4 53. Rd5 Rg6 54. Rd3 Rb6+ 55. Ka3 Rg6 56. a5 Rg3 57. Rc3 Rg1 58. Kb4 Rg8 59. b3 1-0

[Event "American Continental 08th"]
[Site "Mar del Plata"]
[Date "2012.10.16"]
[Round "6"]
[White "Postolski, Javier"]
[Black "Tobares, Leandro"]
[Result "1/2-1/2"]
[WhiteElo "2006"]
[BlackElo "2261"]
[PlyCount "95"]
[EventDate "2012.10.12"]
[EventType "swiss"]
[EventRounds "11"]
[EventCountry "ARG"]
[SourceTitle "EXT 2013"]
[Source "ChessBase"]
[SourceDate "2012.11.22"]
[SourceVersion "1"]
[SourceVersionDate "2012.11.22"]
[SourceQuality "1"]

1. e4 c5 2. Nf3 Nc6 3. Bb5 g6 4. 0-0 Bg7 5. Re1 Nf6 6. c3 0-0 7. d4 cxd4 8. cxd4 d5 9. e5 Ne4 10. Nc3 Nxc3 11. bxc3 Qa5 12. Bxc6 bxc6 13. Bg5 Re8 14. Qb3 Bg4 15. Qb4 Qc7 16. Nd2 a5 17. Qa3 a4 18. Rab1 h6 19. Bh4 Bf8 20. e6 Bxe6 21. Rxe6 fxe6 22. Bg3 e5 23. Bxe5 Qd7 24. c4 Qf5 25. Rb7 Qc2 26. Qg3 dxc4 27. h4 c3 28. Qh3 Qf5 29. Qxc3 Qe6 30. Ne4 Red8 31. Qc2 Bg7 32. Nc5 Qf7 33. Nd7 Rdc8 34. Nb6 Bxe5 35. Nxc8 Bf6 36. Nd6 Qg7 37. Qc4+ Kh7 38. Qxc6 Bxd4 39. Nc8 Bxf2+ 40. Kxf2 Qf8+ 41. Qf3 Rxc8 42. Qxf8 Rxf8+ 43. Ke3 Re8 44. Rd7 Kg7 45. Ra7 Rc8 46. Ra6 Rc4 47. a3 Kf7 48. h5 1/2-1/2

[Event "American Continental 08th"]
[Site "Mar del Plata"]
[Date "2012.10.15"]
[Round "5"]
[White "De Paiva, Pedro Henrique"]
[Black "Postolski, Javier"]
[Result "1-0"]
[WhiteElo "2289"]
[BlackElo "2006"]
[PlyCount "59"]
[EventDate "2012.10.12"]
[EventType "swiss"]
[EventRounds "11"]
[EventCountry "ARG"]
[SourceTitle "EXT 2013"]
[Source "ChessBase"]
[SourceDate "2012.11.22"]
[SourceVersion "1"]
[SourceVersionDate "2012.11.22"]
[SourceQuality "1"]

1. e4 c5 2. Nf3 d6 3. d4 cxd4 4. Nxd4 Nf6 5. Nc3 a6 6. Bg5 e6 7. f4 Be7 8. Qf3 Qc7 9. 0-0-0 Nbd7 10. g4 b5 11. Bxf6 Bxf6 12. Bxb5 Bb7 13. Ba4 0-0 14. g5 Be7 15. Bxd7 Qxd7 16. h4 f5 17. Qh3 Rab8 18. Rhe1 Kh8 19. exf5 exf5 20. Qe3 Bd8 21. Qe6 Qc7 22. Qxf5 Rg8 23. Qd3 Qf7 24. Ne6 Ba5 25. Re3 Bc8 26. g6 hxg6 27. h5 g5 28. Nxg5 Qf5 29. Rh1 g6 30. Qd4+ 1-0

[Event "American Continental 08th"]
[Site "Mar del Plata"]
[Date "2012.10.14"]
[Round "4"]
[White "Postolski, Javier"]
[Black "Teixeira, Ricardo da Silva"]
[Result "1-0"]
[WhiteElo "2006"]
[BlackElo "2276"]
[PlyCount "83"]
[EventDate "2012.10.12"]
[EventType "swiss"]
[EventRounds "11"]
[EventCountry "ARG"]
[SourceTitle "EXT 2013"]
[Source "ChessBase"]
[SourceDate "2012.11.22"]
[SourceVersion "1"]
[SourceVersionDate "2012.11.22"]
[SourceQuality "1"]

1. e4 e6 2. d4 d5 3. Nc3 Bb4 4. e5 Ne7 5. a3 Bxc3+ 6. bxc3 c5 7. Qg4 0-0 8. Bg5 Qc7 9. Bd3 Nbc6 10. Nf3 Nf5 11. Bf6 Nce7 12. Bxg7 Nxg7 13. Bxh7+ Kxh7 14. Qh4+ Kg8 15. Ng5 Rd8 16. Qh7+ Kf8 17. Qh8+ Ng8 18. Nh7+ Ke7 19. Qxg7 cxd4 20. 0-0 dxc3 21. Ng5 Rf8 22. Nh7 Rd8 23. Ng5 Kd7 24. Qxf7+ Kc6 25. Nxe6 Bxe6 26. Qxe6+ Kc5 27. Rfd1 Qc6 28. Qf7 d4 29. Rab1 b5 30. Qf4 Rd5 31. Rd3 a5 32. Rbd1 Rad8 33. Qe4 Qe6 34. f4 Nh6 35. Qh7 R5d7 36. Qe4 Qf5 37. Qf3 b4 38. a4 Ng4 39. Qe2 Qxf4 40. Rxc3+ Kd5 41. Rg3 Ne3 42. Rxe3 1-0